Rumbo a Oceanía

Uloženo v:
Podrobná bibliografie
Hlavní autor: Merino Reyes, Luis (autor)
Médium: Kniha
Jazyk:španělština
Vydáno: Santiago Zig-Zag 1968
Vydání:2a. ed
Edice:Colección Historia y Documentos
Témata:
Tagy: Přidat tag
Žádné tagy, Buďte první, kdo vytvoří štítek k tomuto záznamu!

MARC

LEADER 00000nam a2200000 a 4500
001 UCQ6330
003 CL-VaPUC
008 981009e19680000CL |||||||||||||||||spa|d
082 0 4 |a Ch861  |b MER  |2 21 
100 |a Merino Reyes, Luis  |e autor  |9 581398 
245 1 0 |a Rumbo a Oceanía 
250 |a 2a. ed 
300 |a 119 p 
942 |c BK 
945 |d 19981009 00:00:00  |a crobeson 
260 |a Santiago  |b Zig-Zag  |c 1968 
650 0 |a Novelas chilenas   |9 265425 
650 0 |a Literatura chilena   |9 308278 
583 |a last modification  |c 19981009 00:00:00  |k Rodrigo Vera 
490 0 |a Colección Historia y Documentos 
999 |c 276327  |d 276325 
952 |0 0  |1 0  |4 0  |6 CH_861_000000000000000_MER_1968  |7 0  |8 A  |9 313510  |a BIBEDU  |b BIBEDU  |d 2019-11-20  |i 1481282  |o Ch861 MER 1968  |p 1481282  |r 2019-11-20  |w 2019-11-20  |y BK  |k LIT 
952 |0 0  |1 0  |4 0  |6 CH_861_000000000000000_MER_1968  |7 0  |8 A  |9 313511  |a BIBEDU  |b BIBEDU  |d 2019-11-20  |i 1481290  |o Ch861 MER 1968  |p 1481290  |r 2019-11-20  |w 2019-11-20  |y BK  |k LIT